Online
Catalog

Cartas pastorales y circulares importantes dirigidas al clero y a los fieles de arquidiocesis por el limo y remo señor Don Fernanco Arturo de Meriño / (Record no. 31735)

MARC details
000 -CABECERA
campo de control de longitud fija 00589nam a2200145 a 4500
001 - NÚMERO DE CONTROL
campo de control 000032244
005 - FECHA Y HORA DE LA ÚLTIMA TRANSACCIÓN
campo de control 20200930063543.0
010 ## - NÚMERO DE CONTROL DE LA BIBLIOTECA DEL CONGRESO
Número de control de LC 110713s1906 dr r 000 0 spa d
040 ## - FUENTE DE LA CATALOGACIÓN
Centro catalogador/agencia de origen DO-SdBNP
Lengua de catalogación spa
Centro/agencia transcriptor BNPHU
082 ## - NÚMERO DE LA CLASIFICACIÓN DECIMAL DEWEY
Número de clasificación xxxx
Número de documento/Ítem M562c
100 1# - ENTRADA PRINCIPAL--NOMBRE DE PERSONA
Nombre de persona Meriño, Fernando Arturo de,
Fechas asociadas al nombre 1833-1906.
9 (RLIN) 51821
245 10 - MENCIÓN DE TÍTULO
Título Cartas pastorales y circulares importantes dirigidas al clero y a los fieles de arquidiocesis por el limo y remo señor Don Fernanco Arturo de Meriño /
Mención de responsabilidad, etc. Fernando Arturo de Meriño.
260 ## - PUBLICACIÓN, DISTRIBUCIÓN, ETC.
Lugar de publicación, distribución, etc. Santo Domingo :
Nombre del editor, distribuidor, etc. Imp. La Cuna de América,
Fecha de publicación, distribución, etc. 1906.
300 ## - DESCRIPCIÓN FÍSICA
Extensión 283 p. ;
Dimensiones 30 cm.
Holdings
Estado de retiro Estado de pérdida Restricciones de uso No para préstamo Código de colección Localización permanente Ubicación/localización actual Ubicación en estantería Fecha de adquisición Número de inventario Total de préstamos Signatura topográfica completa Código de barras Fecha visto por última vez Precio válido a partir de Tipo de ítem Koha Nota pública
      Excluido de préstamo Raros y valiosos Patrimonio Dominicano Patrimonio Dominicano Depósito 13.07.2011 LF1   xxxx M562c 32244-10 25.06.2020 25.06.2020 No se presta Perteneció a la biblioteca personal de Martínez Boog.

Powered by Koha